Представление документа в формате RUSMARC

ПолеНазваниеЗначение
  Тип записи a
  Библиографический уровень m
001 Контрольный номер RU/SLIB/B/208754378
005 Дата корректировки 20201206204146.4
010 Индекс ISBN __
d Цена 3-09
101 Язык документа __
a Язык текста rus
200 Заглавие и сведения об ответственности __
a Заглавие Народное искусство и его проблемы
e Сведения, относящиеся к заглавию очерки
f Первые сведения об ответственности Семенова Т. С.
b Общее обозначение материала Текст
210 Выходные данные __
a Место издания М.
c Издательство Совет. художник
d Дата издания 1977
215 Физическое описание __
a Объем 246 с.
606 Тематические рубрики __
a Основная рубрика Изобразительное искусство и архитектура
606 Тематические рубрики __
a Основная рубрика Декоративно-прикладное искусство в целом
610 Ключевые слова __
a Ключевые слова народное искусство; декоративно-прикладное творчество; история искусства; история декоративного искусства; история декоративно-прикладного искусства; художественные промыслы; очерки
686 Индексы других классификаций __
a Классификационный индекс 85.12
700 Автор __
a Фамилия Семенова
b Имя Т. С.
4 Код отношения 070
801 Источник записи _0
a Страна RU
b Организация Муниципальное бюджетное учреждение культуры "Централизованная библиотечная система" г. Сургут (Центральная городская библиотека им. А. С. Пушкина)
g Правила каталогизации КиК/Уланова
801 Источник записи _1
a Страна RU
b Организация Муниципальное бюджетное учреждение культуры "Централизованная библиотечная система" г. Сургут (Центральная городская библиотека им. А. С. Пушкина)
g Правила каталогизации КиК/Уланова
852 Данные о местонахождении __
j Шифр хранения 85.12
c Каталожный индекс 85.12
i Авторский знак С 30
p Инвентарный номер 119555(с)
901 Тип документа __
t Тип документа m
990 Данные о заказе (DOS) __
j Количество экземпляров (DOS) 1